000 01184nam a2200313 a 4500
001 000112510
003 CHAP
005 20220329144310.0
008 160607s2016 mx sm |||||||spa d
010 _a108971
011 _a109943
040 _cCHAP
090 _aTesis
100 1 _aGómez Gómez, Pedro Pablo
_9130838
245 1 0 _aComportamiento poscosecha de Citrus latifolia Tanaka provenientes de dos sistemas de producción
_h[En línea]
_cpor Pedro Pablo Gómez Gómez.
260 _aChapingo, Méx. :
_bEl autor,
_c2016.
500 _aPara ver el contenido del material haga clic en la liga
502 _aTesis (Ing. Agr. Esp. en Zonas Tropicales) UACH. Unidad Regional Universitaria Sursureste
590 _aE11695DGD
_b10
_c20160613
_lUCH01
_h1103
590 _aE5765TAJ
_b05
_c20160607
_lUCH01
_h1144
590 _aE5765TAJ
_b05
_c20160607
_lUCH01
_h1146
650 1 4 _aLimón persa
_xCalidad.
_9130839
650 1 4 _aLimón persa
_xSiatemas de producción
_xAnálisis.
_9130841
650 1 4 _aPesticidas
_xEfecto en limón persa.
_9130840
856 _aFinding aid
_uhttp://10.13.5.2/tesis/sist112510.pdf
_zTeclea aquí
901 _aBK
942 _cTESIS
942 _n0
999 _c108971
_d108971